Gaming Quiz

Random Gaming or Nintendo Quiz

Pokémon Alphabet Quiz Stats

 Plays Quiz Updated Sep 24, 2015

Score 0/26 Timer 07:00
8 Plays Today
Letter Pokemon % Correct
CChikorita, Cyndaquil
83.6%
AAccelgor, Alakazam, Ampharos, Arcanine, Archeops, Articuno
79.9%
EExcadrill, Exeggcute, Exeggutor, Exploud
77.3%
DDarkrai, Deoxys, Dialga, Diancie
75.1%
HHeatmor, Heatran, Ho-Oh, Honchkrow, Houndoom, Houndour, Hydreigon, Hoopa
71.9%
RRaichu, Raikou, Rotom
71.6%
JJirachi, Jynx
68.9%
FFeebas, Feraligatr, Finneon, Floatzel, Froakie, Frogadier
65.4%
GGreninja, Grotle, Grovyle
65.2%
KKadabra, Kakuna, Kingdra, Kirlia, Komala, Kartana
63.7%
SSandile, Sandshrew, Sandslash, Seismitoad, Steelix, Stunfisk, Swampert, Swinub, Sandygast
63.7%
XXerneas
62.7%
LLickilicky, Lickitung, Lileep, Lillipup, Linoone, Litleo, Litwick, Lombre, Lopunny, Loudred, Ludicolo, Lumineon, Luvdisc, Luxio. Litten
61.9%
Letter Pokemon % Correct
BBastiodon, Beldum, Bisharp, Bronzong, Bronzor
61.4%
WWeedle, Weepinbell, Weezing
60.7%
UUmbreon, Unfezant, Ursaring
57.1%
NNatu, Ninjask, Noctowl, Noibat, Noivern
56.9%
ZZangoose, Zigzagoon
55%
IIgglybuff, Infernape, Inkay, Ivysaur, Incineroar
52.6%
QQuilava, Quilladin
51.6%
PPalkia, Palpitoad, Pelipper, Poliwrath, Primarina
50.9%
TTauros, Terrakion, Throh, Thundurus, Torkoal, Tornadus, Tropius, Turtonator, Togedemaru, Tapu Koko, Tapu Lele, Tapu Bulu, Tapu Fini
50.5%
OOctillery, Oddish, Oshawott, Oricorio, Oranguru
46.6%
YYanmega
45.7%
MMamoswine, Marowak, Marshtomp, Mudbray, Mudsdale
39.8%
VVibrava, Vigoroth
33.9%

You're not logged in!

Compare scores with friends on all Sporcle quizzes.
OR
Log In

Sporcle TV

Today on Sporcle TV


Watch our educational content, quiz creation guides, and fun videos on Sporcle TV.

Show Comments

Extras

Top Quizzes Today


Score Distribution

Your Account Isn't Verified!

In order to create a playlist on Sporcle, you need to verify the email address you used during registration. Go to your Sporcle Settings to finish the process.

Report this User

Report this user for behavior that violates our Community Guidelines.

Details: